000 00514nam a22001697a 4500
999 _c8946
_d8946
008 210306b ||||| |||| 00| 0 eng d
040 _aBMS College of Architecture
100 _aKaur, Parmindarjit
245 _aBaiyappanahalli transit center
300 _a64p.
500 _a1BM08AT032
502 _8B.Arch
_NBMS College of Architecture, Visvesvaraya Technological University (VTU)
_aProject report
_d2013
650 _aNA
700 _aVaseem A S
_eGuide
700 _aSathish S Rao
_eGuide
942 _2ddc
_cTHE